MARC

LEADER 00000nam0a2200000 4500
001 295051
005 20231102000753.0
035 |a (RuTPU)RU\TPU\book\320127 
090 |a 295051 
100 |a 20150520d1984 k y0rusy50 ca 
101 0 |a rus 
102 |a RU 
105 |a a z 001zy 
200 1 |a Численное решение задач атмосферной оптики  |e сборник научных трудов  |f Академия наук СССР (АН СССР), Институт прикладной математики им. М. В. Келдыша (ИПМ) ; под ред. М. В. Масленникова , Т. А. Сушкевич 
210 |a Москва  |c [Б. и.]  |d 1984 
215 |a 234 с.  |c ил. 
320 |a Библиография в конце статей 
606 1 |a Оптика атмосферы  |2 stltpush  |3 (RuTPU)RU\TPU\subj\47137  |9 66200 
610 1 |a перенос излучения 
610 1 |a рассеивающие среды 
610 1 |a поглощающие среды 
610 1 |a атмосферно-оптические явления 
610 1 |a кинетические уравнения 
610 1 |a численные решения 
610 1 |a плоская геометрия 
610 1 |a сферическая геометрия 
610 1 |a приближения 
610 1 |a атмосферная оптика 
675 |a 551.593  |v 4 
702 1 |a Масленников  |b М. В.  |4 340 
702 1 |a Сушкевич  |b Т. А.  |4 340 
712 0 2 |a Академия наук СССР (АН СССР)  |b Институт прикладной математики им. М. В. Келдыша (ИПМ)  |c (Москва)  |2 stltpush  |3 (RuTPU)RU\TPU\col\12475 
801 1 |a RU  |b 63413507  |c 20150520 
801 2 |a RU  |b 63413507  |c 20181126  |g RCR 
942 |c BK